Materiales para la discusion: la educación polimodal aportes para un acuerdo marco(fotocopia) /
Guardado en:
| Formato: | Libro |
|---|---|
| Publicado: |
Buenos Aires :
,
1995
|
| Etiquetas: |
Agregar Etiqueta
Sin Etiquetas, Sea el primero en etiquetar este registro!
|
| LEADER | 00422nam a22001335a 4500 | ||
|---|---|---|---|
| 001 | CEM.cems008980 | ||
| 005 | 20060214000000.0 | ||
| 008 | 130507s1995##################000#0#####d | ||
| 003 | CEMS | ||
| 082 | 0 | 4 | |a F370 |
| 245 | 0 | 0 | |a Materiales para la discusion: la educación polimodal aportes para un acuerdo marco(fotocopia) / |
| 260 | |a Buenos Aires : |b , |c 1995 | ||
| 300 | |a 1-15 p.1 | ||
| 859 | |a CEMS |b BIB. CEMS - 11 de abril |h F370 |i 62 |p 1344.44 |t Ej.1 | ||
